Geography: an integrated approach / (Record no. 887)

000 -LEADER
fixed length control field 00974nam a22002177a 4500
003 - CONTROL NUMBER IDENTIFIER
control field OSt
005 - DATE AND TIME OF LATEST TRANSACTION
control field 20140116120840.0
008 - FIXED-LENGTH DATA ELEMENTS--GENERAL INFORMATION
fixed length control field 120313t xxu||||| |||| 00| 0 eng d
020 ## - INTERNATIONAL STANDARD BOOK NUMBER
International Standard Book Number 9781408504079
040 ## - CATALOGING SOURCE
Original cataloging agency LoC
Language of cataloging english
050 ## - LIBRARY OF CONGRESS CALL NUMBER
Classification number G 128 .W3 2009
100 ## - MAIN ENTRY--PERSONAL NAME
Personal name Waugh, David
245 ## - TITLE STATEMENT
Title Geography: an integrated approach /
Statement of responsibility, etc David Waugh
250 ## - EDITION STATEMENT
Edition statement 4th ed.
260 ## - PUBLICATION, DISTRIBUTION, ETC. (IMPRINT)
Place of publication, distribution, etc United Kingdom
Name of publisher, distributor, etc Nelson
Date of publication, distribution, etc 2009
300 ## - PHYSICAL DESCRIPTION
Extent 657p.
Other physical details ill (chiefly col.).: tables
501 ## - WITH NOTE
With note Includes index.
505 ## - FORMATTED CONTENTS NOTE
Formatted contents note Plate tectonics,earthquakes and volcanoes---weathering and slopes---Drainage basins and rivers---Glaciation---Periglation---Coasts---Deserts---Rock typesand landforms---weather and climate---Soils---Biogeography---world climate, soils and vegetation---population---settlement---Urbanisation---farming and food supply---Rural land use---Energy resources---manufacturing industries---tourism---Development and globalisation.
650 ## - SUBJECT ADDED ENTRY--TOPICAL TERM
Topical term or geographic name as entry element Geography
942 ## - ADDED ENTRY ELEMENTS (KOHA)
Source of classification or shelving scheme
Koha item type Book
Holdings
Withdrawn status Lost status Source of classification or shelving scheme Damaged status Not for loan Home library Current library Date acquired Total Checkouts Total Renewals Full call number Barcode Date last seen Date checked out Copy number Price effective from Koha item type Shelving location
          Riara University Library Riara University Library 13/03/2012 14 1 G 128 .W3 2009 2894/11 26/09/2018 21/09/2018 C.1 13/03/2012 Book  
          Riara University Library Riara University Library 13/03/2012 3   G 128 .W3 2009 2893/11 26/08/2015 25/08/2015 C.2 13/03/2012 Book on Shortloan Short Loan
          Riara University Library Riara University Library 13/03/2012 14 7 G 128 .W3 2009 2895/11 23/10/2019 09/10/2019 C.3 13/03/2012 Book  

Riara University Library,
P.O. Box 49940-00100,
Nairobi, Kenya.